00529 2200193 4500001002100000005001500021035002000036007000300056008004100059020002200100082001000122084001600132100001400148245008200162260003200244300003000276650001600306990001300322INLIS00000000000135920230605080223 a0010-0623000023ta230605 g 0 ind  a978-979-722-621-3 a294.5 a294.5 SUK t0 aSukardana1 aTRI RNA :bTiga jenis hutang yang harus dibayar manusia /cDrs.K.M. Sukardana aSurabaya :bParamita,c2008 a150 hlm. :bIlus ;c19 cm 4aAgama Hindu a00110011